000 00418cam a2200181 4500
001 D12965
008 090401t1937 xxu||||| |||| 00| 0 eng d
035 _a(Sirsi) u6882
041 _aeng
100 _aHill, H.A.
245 4 _aThe complete law of town and country planning
250 _a2nd
260 _aLondon
_bButterworths
_c1937
350 _a0
520 _aShelf 117
942 _n0
948 _c04/03/1997
999 _c86363
_d86363